Normal view
MARC view
Entry Término temático
001 - NÚMERO DE CONTROL
- campo de control: 89316
003 - IDENTIFICADOR DEL NÚMERO DE CONTROL
- campo de control: DO-SdBNP
005 - FECHA Y HORA DE LA ÚLTIMA TRANSACCIÓN
- campo de control: 20260413102739.0
008 - DATOS DE LONGITUD FIJA
- campo de control de longitud fija: 260413|| aza||aabn | a|a d
040 ## - FUENTE DE LA CATALOGACIÓN
- Centro catalogador/agencia de origen: DO-SdBNP
- Centro/agencia transcriptor: DO-SdBNP
150 ## - ENCABEZAMIENTO--TÉRMINO DE MATERIA
- Término de materia o nombre geográfico como elemento de entrada: Características nacionales dominicanas en la literatura
670 ## - FUENTE DE DATOS ENCONTRADOS
- Cita de la fuente: Work cat.: (DO-SdBNP)6849: Rosario Candelier, Bruno, 1941- 851, Lenguaje, identidad y tradición en las letras dominicanas :, 2004.
